000 00720nam a2200277Ia 4500
005 20260324112639.0
008 008 260324s9999 xx 000 0 eng d
020 _a9781003509240
037 _aEBOOK
040 _aCRL
040 _beng
040 _cCRL
041 _2eng
041 _aeng
084 _qCRL
100 _aDivya Mishra; Alok Kumar Verma; Shanu Sharma
_91143568
245 0 _aConvergence of Artificial Intelligence and Internet of Things for Industrial Automation
260 _bTaylor and Francis
260 _c2024
365 _a
365 _b180
856 _uhttp://www.taylorfrancis.com/books/9781003509240
942 _cEBOOK
999 _c1732856
_d1732856